Paesi nominati nella pagina Wikipedia del Portogallo - Statistics

Statistiche generali
  • Questo quiz è stato fatto 38 volte
  • Il punteggio medio è 14 su 22
Statistiche sulle risposte
Volte in cui viene nominato Indizio (basato sul motivo per cui lo stato viene nominato nella pagina Wikipedia) Paese % Corretto
16 Paese colonizzato dal Portogallo Brasile
100%
6 Paese confinante Spagna
100%
1 Nel 2016, la nazionale di calcio del Portogallo vinse l'europeo battendo in finale questo paese Francia
93%
3 Paese cui il Portogallo è legato da una plurisecolare alleanza Regno Unito
86%
3 Paese colonizzato dal Portogallo Angola
76%
3 Paese raggiunto da Vasco da Gama, per la prima volta via nave, nel 1498 India
76%
3 Paese colonizzato dal Portogallo Capo Verde
72%
3 Paese contro cui il Portogallo combatté le sue prime guerre di espansione coloniale Marocco
66%
2 Paese africano esplorato per la prima volta dai navigatori portoghesi Guinea
62%
3 Paese colonizzato dal Portogallo Mozambico
62%
1 Il Portogallo perse la finale dell'europeo di calcio 2004 contro questo paese Grecia
59%
1 La nazionale di calcio portoghese ha conquistato la Nations League 2018-2019 battendo in finale questo paese Paesi Bassi
59%
1 Paese colonizzato dal Portogallo Sao Tomé e Principe
59%
1 I portoghesi furono i primi europei a raggiungere via mare questo paese Cina
55%
1 Paese insulare scoperto da Diogo Dias nel 1500 Madagascar
55%
1 Paese africano esplorato per la prima volta dai navigatori portoghesi Senegal
55%
2 I portoghesi furono i primi europei a raggiungere questo paese Giappone
52%
1 I portoghesi furono i primi europei a raggiungere questo paese Indonesia
48%
2 Paese colonizzato dal Portogallo Timor Est
45%
1 I portoghesi furono i primi europei a raggiungere questo paese Sri Lanka
41%
1 I portoghesi furono i primi europei a raggiungere questo paese Malesia
38%
1 Paese africano esplorato per la prima volta dai navigatori portoghesi Sierra Leone
34%
Nessun quiz corrispondente trovato
Distribuzione punteggi
Percentuale di utenti per punteggio
Percentile per numero di risposta
I tuoi punteggi nel tempo
Non hai fatto questo quiz